000
00467nam a2200181Ia 4500
008
151018s9999 xx 000 0 und d
082
_b
RBASDV15178
_a
891.433
100
_a
शिवानी
245
_a
मालक
250
_b
1
260
_b
हिंद पॉकेट बुक्स
_c
1979
300
_a
100
600
_a
शिवानी
630
_a
मालक
700
_a
शिवानी
730
_a
मालक
942
_c
BOOK
999
_c
1015905
_d
1015902